000
00318nam a22001457a 4500
005
20181006121229.0
008
181006b xxu||||| |||| 00| 0 eng d
041
_a
eng
100
_a
Kumar,Arvind
_9
4877
245
_a
Mine Economics
250
_a
4th
260
_a
Nagpur
_c
1989
650
_a
Mining
_9
4878
942
_c
BK
999
_c
5748
_d
5746